000 00653cam a22002418i 4500
001 17463080
005 20180205095213.0
008 120914s2014 nyua 001 0 eng
010 _a 2012029427
020 _a9780073402765 (hard copy : alk. paper)
020 _a0073402761 (hard copy : alk. paper)
040 _aDLC
_beng
_cDLC
_erda
_dDLC
041 _aeng
042 _apcc
080 _a547
082 0 0 _a547 DEN
_223
100 1 _a11
101 _aBIO
245 1 0 _aGeneral, organic, and biochemistry.
906 _a7
_bcbc
_corignew
_d1
_eecip
_f20
_gy-gencatlg
942 _2ddc
_cBK
999 _c41838
_d41838